| Поле | Название | Значение |
| |
Тип записи |
a |
| |
Библиографический уровень |
m |
| 001 |
Контрольный номер |
c622786305f549f9a001d1fdc0ef89d0 |
| 005 |
Дата корректировки |
20160921094643.9 |
| 010 |
Индекс ISBN |
__ |
| a |
ISBN |
978-5-9916-1987-5 |
| 200 |
Заглавие и сведения об ответственности |
1_ |
| a |
Заглавие |
Управление человеческими ресурсами |
| b |
Общее обозначение материала |
Текст |
| e |
Сведения, относящиеся к заглавию |
учебник для бакалавров |
| f |
Первые сведения об ответственности |
под ред. И. А. Максимцева |
| 210 |
Выходные данные |
1_ |
| a |
Место издания |
Москва |
| c |
Издательство |
Юрайт |
| d |
Дата издания |
2012 |
| 215 |
Физическое описание |
__ |
| a |
Объем |
525 с. |
| 330 |
Аннотация |
__ |
| a |
Аннотация |
В основу книги положена мировая тенденция развития теории и практики менеджмента, которая состоит в переходе от парадигмы управления персоналом внутри организации к управлению человеческими ресурсами как многоуровневой системой на микро-, мезо- и макроуровнях. Соответствует ФГОС 3-го поколения. Для подготовки бакалавров по направлениям "Экономика", "Менеджмент". |
| 606 |
Тематические рубрики |
__ |
| a |
Основная рубрика |
Менеджмент |
| 610 |
Ключевые слова |
0_ |
| a |
Ключевые слова |
система управления |
| a |
Ключевые слова |
формирование человеческих ресурсов |
| a |
Ключевые слова |
использование ЧР |
| a |
Ключевые слова |
развитие ЧР |
| a |
Ключевые слова |
перспективные направления |
| 686 |
Индексы других классификаций |
__ |
| a |
Классификационный индекс |
65.291.6-21 |
| 2 |
Код системы |
rubbk |
| 852 |
Данные о местонахождении |
__ |
| i |
Авторский знак |
У 66 |
| j |
Шифр хранения |
65.291.6-21 |
| 901 |
Тип документа |
__ |
| t |
Тип документа |
m |
| 938 |
Служебная информация |
__ |
| a |
Название организации |
Волгоградский филиал |
| b |
Имя БД |
Каталог_ВКИ |
| c |
Название АИБС |
АИБС МАРК-SQL |
| 938 |
Служебная информация |
__ |
| a |
Название организации |
Владимирский филиал |
| 952 |
Тип литературы |
__ |
| b |
Гриф литературы для ВШ |
гриф |
| c |
Вид литературы |
учебник |